| 000 | 00770nam a2200217Ia 4500 | ||
|---|---|---|---|
| 003 | OSt | ||
| 005 | 20240419150744.0 | ||
| 008 | 210210b2016 xxu||||| |||| 00| 0 eng d | ||
| 040 |
_aAL _c |
||
| 041 | _aMalayalam | ||
| 082 |
_a294.592 _223 _bEZHA |
||
| 100 |
_aThunchath Ezhuthachchan _917471 _dതുണച്ചത് എഴുത്തച്ഛൻ |
||
| 245 |
_aAdhyatma Ramayanam _bആധ്യാതിമ രാമായണം |
||
| 260 |
_aKottayam _bD C Books _c2022 |
||
| 300 |
_a576p. _bHB _c21x14cm. |
||
| 650 |
_aRamayanam: രാമായണം _917472 |
||
| 650 |
_aMalayalam: മലയാളം _917473 |
||
| 700 |
_aEZHUTHACHCHAN (Thunchath) _958533 _d എഴുത്തച്ഛൻ (തുണച്ചത്) |
||
| 906 | _a072399 | ||
| 942 |
_2ddc _cBK |
||
| 999 |
_c122348 _d122348 |
||